000 00554nam a2200181Ia 4500
008 151202s9999||||xx |||||||||||||| ||und||
082 _bPNVM-34819
100 _aवर्टी अ.वा.
245 _aराणीचा बाग.
260 _b"पॉप्युलर प्रकाशन ,मुंबई-."
260 _c1979
300 _a77
600 _aवर्टी अ.वा.
630 _aराणीचा बाग.
700 _aवर्टी अ.वा.
730 _aराणीचा बाग.
942 _cBOOK
999 _c1300775
_d1300772